|
|
|
|
| LEADER |
01175ncm a22002652a 4500 |
| 001 |
001281000 |
| 003 |
CZ BrMZK |
| 005 |
20160308101720.0 |
| 007 |
qu |
| 008 |
130221s1947 xr |||||||||||||||||zxx d |
| 040 |
|
|
|a BOA001
|b cze
|
| 072 |
|
7 |
|a 786
|x Hudba pro klávesové nástroje
|2 Konspekt
|9 9
|
| 100 |
1 |
|
|a Matějovec, Karel,
|d 1889-1963
|7 jk01080678
|4 cmp
|
| 245 |
1 |
0 |
|a Prostná cvičení žen "Harmonie pohybu"
|h [hudebnina] :
|b k XI. všesokolskému sletu v Praze 1948 /
|c hudbu složil Karel Matějovec ; cvičení Božena Matějovcová
|
| 260 |
|
|
|a [Praha] :
|b Československá obec sokolská,
|c 1947
|
| 300 |
|
|
|a 11 s. +
|e popis cvičení (132 s.)
|
| 490 |
1 |
|
|a Sbírka sletových cvičení ;
|v 6
|
| 700 |
1 |
|
|a Matějovcová, Božena,
|d 1892-1972
|7 jk01080676
|4 chr
|
| 711 |
2 |
|
|a Všesokolský slet
|n (11. :
|d 1948 :
|c Praha, Česko)
|7 pna2006347342
|
| 830 |
|
0 |
|a Sbírka sletových cvičení
|
| 910 |
|
|
|a BOA001
|b Mus4-0202.090,6
|
| 990 |
|
|
|a MU
|
| 991 |
|
|
|b 201302
|
| 996 |
7 |
|
|b 2619518720
|c Mus4-0202.090,6
|l MZK
|r Sklad / do 1 hodiny
|n 1
|w 001315408
|u 000020
|a 1
|e BOA001
|j MZK50
|s A
|
| 996 |
6 |
|
|b 2619518721
|c Mus4-0202.090,6
|l MZK
|r Sklad / do 1 hodiny
|n 0
|w 001315408
|u 000010
|a 1
|e BOA001
|j MZK50
|s P
|